000 00550nam a2200145Ia 4500
008 220216s9999 xx 000 0 und d
100 _aSiju T
245 0 _aTapping labour shortage and stalemate in female labour participation: A disaggregate level analysis of Kerala's rubber smallholder sector
260 _bPLACROSYM XXI. International Symposium on Plantation Crops, 10-12 December 2014, Kozhikode, India, pp. 222. Abstracts.
650 _aFemal labour
650 _aLabour shortage
700 _aChandy B
700 _aGeorge T
942 _cBS
999 _c49876
_d49876